LEADER 00963nam0-22002771i-450- 001 990006292850403321 005 19980601 035 $a000629285 035 $aFED01000629285 035 $a(Aleph)000629285FED01 035 $a000629285 100 $a19980601d1961----km-y0itay50------ba 105 $a--------00-yy 200 1 $aCONVEGNO internazionale tenuto a Bruxelles dal 5 all'8 settembre 1960$eproblemi giuridici e amministrativi della protezione nell'impiego pacifico dell'energia nucleare$eatti ufficiali... 210 $aBruxelles$cEuratom$d1961 215 $a1256 p.$d24 cm 314 $aIl frontespizio risulta anche in lingua tedesca inglese e francese 676 $a343.0925 801 0$aIT$bUNINA$gRICA$2UNIMARC 901 $aBK 912 $a990006292850403321 952 $aCONGRESSI E 15$b71186$fFGBC 959 $aFGBC 996 $aCONVEGNO internazionale tenuto a Bruxelles dal 5 all'8 settembre 1960$9641954 997 $aUNINA DB $aGIU01 LEADER 01758nam 2200433 450 001 9910162858603321 005 20230808201022.0 010 $a1-61039-656-1 010 $a1-61039-657-X 035 $a(CKB)3710000000984821 035 $a(MiAaPQ)EBC4785937 035 $a(EXLCZ)993710000000984821 100 $a20170313h20162016 uy 0 101 0 $aeng 135 $aurcnu|||||||| 181 $2rdacontent 182 $2rdamedia 183 $2rdacarrier 200 10$aEconomics $ean A-Z guide /$fMatthew Bishop 210 1$aPhiladelphia, Pennsylvania :$cPublic Affairs,$d2016. 210 4$d?2016 215 $a1 online resource (248 pages) 225 1 $aEconomist Books 300 $aIncloudes index. 330 $aExplains the most important economic terms and concepts. Written with the clarity and wit for which the newspaper is renowned, it features bite-sized overviews of essential economic ideas. If you need to understand why a country's balance of payments is such a big deal, whether deflation is always a bad thing or exactly why John Maynard Keynes or Milton Friedman were so influential, then dipping into this guide will provide the answers. Primer, glossary, dictionary and reference, this book offers everything you always wanted to know about economics but were afraid to ask. --$cPublisher's description. 410 0$aEconomist books (Series) 606 $aEconomics$vTerminology 606 $aEconomics$xLanguage 615 0$aEconomics 615 0$aEconomics$xLanguage. 676 $a330.0391471 700 $aBishop$b Matthew$0115767 801 0$bMiAaPQ 801 1$bMiAaPQ 801 2$bMiAaPQ 906 $aBOOK 912 $a9910162858603321 996 $aEconomics$92895114 997 $aUNINA